[Event "Charleroi op"]
[Site "Roux"]
[Date "2023.07.29"]
[Round "1"]
[White "Van Uytven, Eric"]
[Black "Hoffmann, Michael"]
[Result "1/2-1/2"]
[WhiteElo "2038"]
[BlackElo "2413"]
[PlyCount "98"]
[EventDate "2023.07.29"]
[EventType "swiss"]
[EventRounds "9"]
[EventCountry "BEL"]
[SourceTitle "CBM 215 Extra"]
[Source "ChessBase"]
[SourceDate "2023.09.30"]
[SourceVersion "1"]
[SourceVersionDate "2023.09.30"]
[SourceQuality "1"]

1. d4 Nf6 2. Nf3 g6 3. Nbd2 Bg7 4. e4 0-0 5. Bd3 d6 6. 0-0 Nc6 7. c3 e5 8. dxe5 Nxe5 9. Nxe5 dxe5 10. Qe2 Nh5 11. Nf3 h6 12. Rd1 Qf6 13. g3 Bg4 14. Kg2 Qe6 15. Bc4 Bxf3+ 16. Kxf3 Qh3 17. Qf1 Qxh2 18. Qh1 Qxh1+ 19. Rxh1 Rfd8 20. g4 Nf4 21. Bxf4 exf4 22. Rad1 Be5 23. Bb3 Rxd1 24. Rxd1 Bd6 25. Bd5 a5 26. a4 Kg7 27. Rd2 Rb8 28. Bc4 Kf6 29. Rd5 b6 30. Rd1 Rh8 31. Rd5 Re8 32. Bb5 Re7 33. Bc4 Kg7 34. Bd3 f6 35. Bc4 Re8 36. Bb5 Rh8 37. Be2 Kf8 38. Bd3 Kf7 39. Bc4 Ke7 40. Be2 c6 41. Rd1 h5 42. gxh5 Rxh5 43. Kg2 Rg5+ 44. Kf3 Rh5 45. Kg2 Rh4 46. Rh1 f3+ 47. Bxf3 Rxh1 48. Kxh1 Bf4 49. e5 Bxe5 1/2-1/2

[Event "Charleroi op"]
[Site "Charleroi"]
[Date "2018.08.03"]
[Round "8"]
[White "Geuquet, Michael"]
[Black "Van Uytven, Eric"]
[Result "1-0"]
[WhiteElo "1912"]
[BlackElo "2046"]
[PlyCount "75"]
[EventDate "2018.07.28"]
[EventType "swiss"]
[EventRounds "9"]
[EventCountry "BEL"]
[SourceTitle "CBM 185 Extra"]
[Source "ChessBase"]
[SourceDate "2018.07.29"]
[SourceVersion "1"]
[SourceVersionDate "2018.07.29"]
[SourceQuality "1"]

1. e4 c5 2. Nf3 e6 3. d4 cxd4 4. Nxd4 Nc6 5. Nc3 Qc7 6. g3 a6 7. Bg2 d6 8. 0-0 Bd7 9. Be3 Nf6 10. Qe2 Be7 11. Rad1 Rc8 12. Nxc6 Bxc6 13. f4 0-0 14. h3 b5 15. a3 Qb7 16. Bc1 a5 17. e5 Bxg2 18. Qxg2 Qxg2+ 19. Kxg2 dxe5 20. fxe5 Nd5 21. Nxd5 exd5 22. c3 Rfd8 23. Rd3 Rd7 24. Rfd1 Kf8 25. Rxd5 Rxd5 26. Rxd5 Rc5 27. Rxc5 Bxc5 28. Kf3 Ke8 29. Be3 Be7 30. Ke4 Kd7 31. Kd5 h5 32. h4 b4 33. axb4 axb4 34. c4 b3 35. c5 Bd8 36. Kc4 Kc6 37. Kxb3 Kd5 38. Kb4 1-0

[Event "Charleroi op"]
[Site "Charleroi"]
[Date "2015.08.02"]
[Round "2"]
[White "D'Aquino, Ugo"]
[Black "Van Uytven, Eric"]
[Result "0-1"]
[WhiteElo "1950"]
[BlackElo "2112"]
[PlyCount "88"]
[EventDate "2015.08.01"]
[EventType "swiss"]
[EventRounds "9"]
[EventCountry "BEL"]
[SourceTitle "CBM 167 Extra"]
[Source "ChessBase"]
[SourceDate "2015.09.14"]
[SourceVersion "1"]
[SourceVersionDate "2015.09.14"]
[SourceQuality "1"]

1. e4 c6 2. d4 d5 3. f3 e6 4. Nc3 Bb4 5. Qd3 b6 6. Nge2 Ba6 7. Qe3 Ne7 8. Bd2 Nd7 9. a3 Bd6 10. Nf4 Bxf1 11. Rxf1 Ng6 12. g3 Bxf4 13. gxf4 Qh4+ 14. Rf2 0-0 15. Ne2 Nf6 16. Ng3 dxe4 17. f5 exf5 18. Nxf5 Qh3 19. fxe4 Qxe3+ 20. Bxe3 Nxe4 21. Rg2 Rad8 22. 0-0-0 Nd6 23. Ng3 Rfe8 24. Bd2 Ne4 25. Nxe4 Rxe4 26. c3 Rde8 27. Rg3 Nf4 28. Bxf4 Rxf4 29. Rg5 f6 30. Rg2 Kf7 31. d5 cxd5 32. Rxd5 Re7 33. Rh5 h6 34. Rd5 g5 35. Rd8 Rfe4 36. Kb1 Re2 37. Rxe2 Rxe2 38. Rd7+ Re7 39. Rd2 g4 40. Kc2 Kg6 41. Rg2 Kg5 42. c4 f5 43. b4 f4 44. Rd2 g3 0-1

[Event "Charleroi op"]
[Site "Charleroi"]
[Date "2012.08.02"]
[Round "7"]
[White "Van Uytven, Eric"]
[Black "Timmermans, Daniel"]
[Result "1/2-1/2"]
[WhiteElo "2151"]
[BlackElo "1955"]
[PlyCount "88"]
[EventDate "2012.07.28"]
[EventType "swiss"]
[EventRounds "9"]
[EventCountry "BEL"]
[SourceTitle "CBM 149 Extra"]
[Source "ChessBase"]
[SourceDate "2012.08.24"]
[SourceVersion "1"]
[SourceVersionDate "2012.08.24"]
[SourceQuality "1"]

1. d4 f5 2. Bf4 Nf6 3. e3 b6 4. Nf3 Bb7 5. Be2 e6 6. 0-0 Be7 7. c4 0-0 8. Nc3 d6 9. b4 Ne4 10. Nxe4 Bxe4 11. Nd2 Bb7 12. Bg3 g5 13. f4 h6 14. e4 Nd7 15. d5 e5 16. fxe5 dxe5 17. exf5 Bxb4 18. Ne4 Bd6 19. Bd3 Nf6 20. Nxf6+ Qxf6 21. Be4 Rae8 22. h3 Re7 23. Bf2 Ref7 24. Be3 Bc8 25. g4 Qe7 26. Qd3 Rf6 27. Kg2 Bc5 28. a3 a5 29. Kf3 Ba6 30. Rfc1 Qd6 31. Bxc5 Qxc5 32. Qe3 Qe7 33. c5 Kg7 34. d6 cxd6 35. cxb6 R6f7 36. Rc7 Qd8 37. Qc3 Qb8 38. Bd5 Qxb6 39. Bxf7 Rxf7 40. Rc1 Bb7+ 41. Kg3 Bd5 42. Rxf7+ Bxf7 43. Qd2 Qb3+ 44. Rc3 Qb1 1/2-1/2

[Event "Charleroi op"]
[Site "Charleroi"]
[Date "2012.08.01"]
[Round "6"]
[White "Rooze, Jan"]
[Black "Van Uytven, Eric"]
[Result "1-0"]
[WhiteElo "2294"]
[BlackElo "2151"]
[PlyCount "73"]
[EventDate "2012.07.28"]
[EventType "swiss"]
[EventRounds "9"]
[EventCountry "BEL"]
[SourceTitle "CBM 149 Extra"]
[Source "ChessBase"]
[SourceDate "2012.08.24"]
[SourceVersion "1"]
[SourceVersionDate "2012.08.24"]
[SourceQuality "1"]

1. e4 e5 2. Bc4 Nf6 3. d3 Nc6 4. Nf3 Bc5 5. c3 a6 6. Bb3 Ba7 7. 0-0 d6 8. Nbd2 0-0 9. Nc4 h6 10. h3 Be6 11. Re1 Re8 12. Be3 b5 13. Ncd2 Bxe3 14. fxe3 d5 15. exd5 Bxd5 16. e4 Bxb3 17. Nxb3 Qd6 18. Nh4 Rad8 19. Re3 g6 20. Qf3 Nh7 21. Rf1 Ng5 22. Qf2 Rd7 23. Rg3 Nd8 24. Nf3 Nde6 25. h4 Nxf3+ 26. Rxf3 Nf4 27. d4 f6 28. Kh1 Rdd8 29. Nc5 Ra8 30. b4 c6 31. a3 Rf8 32. g3 Nh5 33. Kg2 g5 34. hxg5 hxg5 35. Rh1 Ng7 36. dxe5 fxe5 37. Qa2+ 1-0

[Event "Charleroi op"]
[Site "Charleroi"]
[Date "2012.07.30"]
[Round "4"]
[White "Gorts, Sven"]
[Black "Van Uytven, Eric"]
[Result "0-1"]
[WhiteElo "1930"]
[BlackElo "2151"]
[PlyCount "100"]
[EventDate "2012.07.28"]
[EventType "swiss"]
[EventRounds "9"]
[EventCountry "BEL"]
[SourceTitle "CBM 149 Extra"]
[Source "ChessBase"]
[SourceDate "2012.08.24"]
[SourceVersion "1"]
[SourceVersionDate "2012.08.24"]
[SourceQuality "1"]

1. e4 e5 2. f4 exf4 3. Bc4 Nf6 4. Nc3 c6 5. Bb3 d5 6. exd5 cxd5 7. Qe2+ Be7 8. Nxd5 Nxd5 9. Qb5+ Nc6 10. Qxd5 Qxd5 11. Bxd5 Nd4 12. Kd1 Bg4+ 13. Bf3 Nxf3 14. Nxf3 0-0-0 15. Re1 Rhe8 16. c3 Bd6 17. d4 g5 18. Bd2 f6 19. a3 Rxe1+ 20. Bxe1 Re8 21. Bf2 Be6 22. Kd2 Bd5 23. Re1 Rxe1 24. Nxe1 Kd7 25. h3 b5 26. b4 Ke6 27. Nf3 a6 28. Ke2 Be4 29. Be1 h6 30. Kf2 Kd5 31. Nd2 Bc2 32. Kf3 h5 33. g4 Bd1+ 34. Kg2 hxg4 35. hxg4 Bxg4 36. Bf2 Bd1 37. c4+ bxc4 38. Nb1 Bc2 39. Nc3+ Ke6 40. d5+ Kd7 41. Bc5 Be5 42. Ne2 Be4+ 43. Kh3 Bxd5 44. Bd4 Bf3 45. Bxe5 fxe5 46. Nc3 e4 47. b5 axb5 48. Nxb5 e3 49. Nd4 Bd1 50. a4 e2 0-1

[Event "Charleroi op"]
[Site "Charleroi"]
[Date "2011.08.05"]
[Round "8"]
[White "Van Uytven, Eric"]
[Black "Werner, Yvan"]
[Result "1-0"]
[WhiteElo "2158"]
[BlackElo "2068"]
[PlyCount "62"]
[EventDate "2011.07.30"]
[EventType "swiss"]
[EventRounds "9"]
[EventCountry "BEL"]
[SourceTitle "EXT 2012"]
[Source "ChessBase"]
[SourceDate "2011.11.24"]
[SourceVersion "1"]
[SourceVersionDate "2011.11.24"]
[SourceQuality "1"]

1. Nf3 Nf6 2. g3 g6 3. Bg2 Bg7 4. 0-0 0-0 5. d3 d5 6. Nbd2 c5 7. e4 e6 8. Re1 Nc6 9. c3 Bd7 10. e5 Ng4 11. d4 cxd4 12. cxd4 Qb6 13. h3 Nxf2 14. Kxf2 Nxd4 15. Nxd4 Qxd4+ 16. Re3 Bh6 17. Nf3 Bxe3+ 18. Bxe3 Qxb2+ 19. Kg1 Ba4 20. Qe1 b6 21. g4 Rfc8 22. Rb1 Qc3 23. Bd2 Qd3 24. Rb4 Rc4 25. Rxc4 dxc4 26. Qh4 Rd8 27. Bf1 Qd5 28. Bxc4 Qc5+ 29. Kh2 Bc6 30. Qxd8+ Qf8 31. Qxf8+ Kxf8 1-0

[Event "Charleroi op"]
[Site "Charleroi"]
[Date "2011.07.31"]
[Round "2"]
[White "Van Uytven, Eric"]
[Black "Ancion, Merowig"]
[Result "1-0"]
[WhiteElo "2158"]
[BlackElo "1864"]
[PlyCount "55"]
[EventDate "2011.07.30"]
[EventType "swiss"]
[EventRounds "9"]
[EventCountry "BEL"]
[SourceTitle "EXT 2012"]
[Source "ChessBase"]
[SourceDate "2011.11.24"]
[SourceVersion "1"]
[SourceVersionDate "2011.11.24"]
[SourceQuality "1"]

1. Nf3 f5 2. d3 Nf6 3. e4 d6 4. exf5 Bxf5 5. d4 Nc6 6. Bd3 Bxd3 7. Qxd3 e5 8. 0-0 e4 9. Qe3 d5 10. Ne5 Nxe5 11. dxe5 Nd7 12. c4 c6 13. cxd5 cxd5 14. Nc3 Bc5 15. Qg3 Bd4 16. Qxg7 Bxe5 17. Qh6 Nf6 18. Bg5 Bxc3 19. bxc3 Rf8 20. Rad1 Qb6 21. Bxf6 Qxf6 22. Qh5+ Qf7 23. Qe5+ Qe7 24. Rxd5 Rc8 25. Qh5+ Qf7 26. Re5+ Kd8 27. Qh4+ Qf6 28. Qxe4 1-0

[Event "Charleroi op"]
[Site "Charleroi"]
[Date "2010.08.03"]
[Round "5"]
[White "Winants, Henri"]
[Black "Van Uytven, Eric"]
[Result "1/2-1/2"]
[WhiteElo "1953"]
[BlackElo "2160"]
[PlyCount "82"]
[EventDate "2010.07.31"]
[EventType "swiss"]
[EventRounds "9"]
[EventCountry "BEL"]
[SourceTitle "CBM 137 Extra"]
[Source "ChessBase"]
[SourceDate "2010.09.01"]
[SourceVersion "1"]
[SourceVersionDate "2010.09.01"]
[SourceQuality "1"]

1. g3 d5 2. Bg2 Nf6 3. Nf3 e6 4. 0-0 Be7 5. d3 0-0 6. Nbd2 c5 7. e4 Nc6 8. Re1 Rb8 9. a4 b6 10. b3 Ba6 11. e5 Nd7 12. Bb2 Rc8 13. Nb1 Nb4 14. Na3 c4 15. dxc4 dxc4 16. bxc4 Bxc4 17. Nxc4 Rxc4 18. c3 Nd5 19. Qd3 Rc8 20. Nd4 Nc5 21. Qd1 Nb7 22. Nf5 Re8 23. Nxe7+ Rxe7 24. Bxd5 Qxd5 25. Qxd5 exd5 26. Rad1 Rd7 27. Re4 Na5 28. Red4 Nc4 29. Bc1 Nxe5 30. Rxd5 Rxd5 31. Rxd5 f6 32. Bf4 Rxc3 33. Bxe5 fxe5 34. Rxe5 Ra3 35. Re4 g6 36. Rc4 a6 37. Rb4 Kg7 38. Kg2 a5 39. Rxb6 Rxa4 40. Ra6 h5 41. h4 Ra3 1/2-1/2

[Event "Charleroi op"]
[Site "Charleroi"]
[Date "2010.08.02"]
[Round "4"]
[White "Van Uytven, Eric"]
[Black "Marchal, Patrice"]
[Result "1/2-1/2"]
[WhiteElo "2160"]
[BlackElo "1916"]
[PlyCount "65"]
[EventDate "2010.07.31"]
[EventType "swiss"]
[EventRounds "9"]
[EventCountry "BEL"]
[SourceTitle "CBM 137 Extra"]
[Source "ChessBase"]
[SourceDate "2010.09.01"]
[SourceVersion "1"]
[SourceVersionDate "2010.09.01"]
[SourceQuality "1"]

1. d4 d5 2. c4 c6 3. Nf3 e6 4. Bg5 Nf6 5. Nbd2 g6 6. e3 Bg7 7. Bd3 0-0 8. 0-0 Nbd7 9. Rc1 Qe8 10. Bf4 Qe7 11. c5 Ne8 12. e4 e5 13. Nxe5 Nxe5 14. Bxe5 Bxe5 15. dxe5 Qxe5 16. exd5 cxd5 17. b4 Be6 18. Nf3 Qb2 19. Qb3 Qxb3 20. axb3 a6 21. Nd4 Nc7 22. Rfe1 Rfe8 23. f3 Bd7 24. Kf2 Rxe1 25. Rxe1 Re8 26. Rd1 Kf8 27. g4 Ne6 28. Bf1 Nxd4 29. Rxd4 Bc6 30. g5 Kg7 31. Bg2 f5 32. f4 Rd8 33. Bf3 1/2-1/2

[Event "Roux CREC op"]
[Site "Roux"]
[Date "2009.07.29"]
[Round "6"]
[White "Van Uytven, Eric"]
[Black "Verhulst, Nikolaas"]
[Result "1/2-1/2"]
[WhiteElo "2167"]
[BlackElo "1968"]
[PlyCount "49"]
[EventDate "2009.07.25"]
[EventType "swiss"]
[EventRounds "9"]
[EventCountry "BEL"]
[SourceTitle "EXT 2010"]
[Source "ChessBase"]
[SourceDate "2010.11.25"]
[SourceVersion "1"]
[SourceVersionDate "2010.11.25"]
[SourceQuality "1"]

1. d4 Nf6 2. Bg5 e6 3. e4 h6 4. Bxf6 Qxf6 5. c3 b6 6. e5 Qg6 7. Qf3 Nc6 8. Bd3 Qg5 9. Nd2 Bb7 10. Nh3 Qe7 11. 0-0 0-0-0 12. Qe2 f6 13. f4 d6 14. exd6 Qxd6 15. Rae1 Nxd4 16. cxd4 Qxd4+ 17. Nf2 Qxb2 18. Qxe6+ Kb8 19. Nde4 Bd5 20. Qh3 Bxe4 21. Bxe4 Bc5 22. Qf3 Rd2 23. Ba8 Kc8 24. Qg4+ Kb8 25. Qf3 1/2-1/2

[Event "Charleroi op 5th"]
[Site "Charleroi"]
[Date "2006.07.31"]
[Round "3"]
[White "Hanley, Craig"]
[Black "Van Uytven, Eric"]
[Result "1-0"]
[WhiteElo "2419"]
[BlackElo "2167"]
[PlyCount "113"]
[EventDate "2006.07.29"]
[EventType "swiss"]
[EventRounds "9"]
[EventCountry "BEL"]
[SourceTitle "CBM 113 Extra"]
[Source "ChessBase"]
[SourceDate "2006.09.14"]
[SourceVersion "1"]
[SourceVersionDate "2006.09.14"]
[SourceQuality "1"]

1. e4 c5 2. Nf3 e6 3. d4 cxd4 4. Nxd4 Nc6 5. Nc3 Qc7 6. Be2 a6 7. 0-0 Nf6 8. Be3 Bb4 9. Na4 Be7 10. Nxc6 bxc6 11. Nb6 Rb8 12. Nxc8 Qxc8 13. Bd4 c5 14. Be5 Rb6 15. a4 0-0 16. a5 Rc6 17. Bf3 Rd8 18. Qc1 c4 19. Rd1 d6 20. Bc3 Rc5 21. Bb4 Rb5 22. c3 Ne8 23. Be2 Rb7 24. b3 d5 25. exd5 exd5 26. bxc4 dxc4 27. Rxd8 Bxd8 28. Qf4 Bf6 29. Re1 Nc7 30. Bxc4 Ne6 31. Qe4 Rc7 32. Bxe6 fxe6 33. Qxe6+ Qxe6 34. Rxe6 Bxc3 35. Bxc3 Rxc3 36. g3 Ra3 37. Rxa6 h5 38. Kg2 Kh7 39. h4 Kg8 40. Ra8+ Kh7 41. a6 Kg6 42. a7 Kh7 43. g4 hxg4 44. h5 Ra1 45. Kg3 Ra4 46. Kh4 Ra1 47. Kxg4 Ra6 48. Kf5 Rf6+ 49. Ke5 Ra6 50. f4 Ra1 51. f5 Ra2 52. h6 Ra5+ 53. Ke4 Ra4+ 54. Kd5 Ra5+ 55. Ke6 Ra6+ 56. Ke7 Rxh6 57. Rd8 1-0

[Event "Charleroi op 4th"]
[Site "Charleroi"]
[Date "2005.08.01"]
[Round "4"]
[White "Tannemaat, Stephane"]
[Black "Van Uytven, Eric"]
[Result "0-1"]
[WhiteElo "1956"]
[BlackElo "2167"]
[PlyCount "50"]
[EventDate "2005.07.30"]
[EventType "swiss"]
[EventRounds "9"]
[EventCountry "BEL"]
[SourceTitle "EXT 2006"]
[Source "ChessBase"]
[SourceDate "2005.11.24"]
[SourceVersion "1"]
[SourceVersionDate "2005.11.24"]
[SourceQuality "1"]

1. e4 c5 2. Nf3 e6 3. d4 cxd4 4. Nxd4 Nc6 5. Be2 Qc7 6. 0-0 Nf6 7. Nc3 a6 8. Kh1 Nxd4 9. Qxd4 Bc5 10. Qd1 b5 11. Bg5 Bb7 12. Bf3 Bd6 13. Re1 Be5 14. Bxf6 gxf6 15. a3 Rc8 16. Re3 Qc5 17. Rd3 Qxf2 18. Bh5 Rg8 19. Bxf7+ Kxf7 20. Qh5+ Kf8 21. Qh6+ Rg7 22. Rg1 Qf4 23. Qh5 Bxe4 24. Nxe4 Qxe4 25. Rf3 Rxc2 0-1

[Event "Charleroi op 4th"]
[Site "Charleroi"]
[Date "2005.08.01"]
[Round "3"]
[White "Van Uytven, Eric"]
[Black "Fosset, Francois"]
[Result "1/2-1/2"]
[WhiteElo "2167"]
[BlackElo "2007"]
[PlyCount "20"]
[EventDate "2005.07.30"]
[EventType "swiss"]
[EventRounds "9"]
[EventCountry "BEL"]
[SourceTitle "EXT 2006"]
[Source "ChessBase"]
[SourceDate "2005.11.24"]
[SourceVersion "1"]
[SourceVersionDate "2005.11.24"]
[SourceQuality "1"]

1. d4 Nf6 2. c4 e6 3. Nf3 b6 4. e3 Bb7 5. Bd3 Bb4+ 6. Bd2 Qe7 7. 0-0 Bxd2 8. Nbxd2 d6 9. Qc2 Nbd7 10. b4 0-0 1/2-1/2

[Event "Charleroi op 3rd"]
[Site "Charleroi"]
[Date "2004.08.06"]
[Round "8"]
[White "Van Uytven, Eric"]
[Black "Saiboulatov, Danial"]
[Result "1/2-1/2"]
[WhiteElo "2171"]
[BlackElo "2390"]
[PlyCount "59"]
[EventDate "2004.07.03"]
[EventType "swiss"]
[EventRounds "9"]
[EventCountry "BEL"]
[SourceTitle "CBM 101 Extra"]
[Source "ChessBase"]
[SourceDate "2004.09.01"]
[SourceVersion "2"]
[SourceVersionDate "2004.09.01"]
[SourceQuality "1"]

1. d4 Nf6 2. c4 e6 3. Nc3 Bb4 4. e3 b6 5. Bd3 Bb7 6. Nf3 Ne4 7. 0-0 f5 8. Ne5 0-0 9. Nxe4 fxe4 10. Be2 Be7 11. f4 d6 12. Ng4 Nd7 13. Bd2 Nf6 14. b4 Qe8 15. Bc3 Nxg4 16. Bxg4 Bf6 17. a4 d5 18. b5 dxc4 19. Bb4 Rf7 20. Qc2 c5 21. dxc5 Bxa1 22. c6 Bc8 23. Rxa1 e5 24. f5 a6 25. Rd1 axb5 26. axb5 Bxf5 27. Bxf5 Rxf5 28. Qxc4+ Qf7 29. Qxe4 g6 30. c7 1/2-1/2

[Event "Charleroi op 3rd"]
[Site "Charleroi"]
[Date "2004.08.05"]
[Round "7"]
[White "Van Uytven, Eric"]
[Black "Dinev, Dimiter"]
[Result "1-0"]
[WhiteElo "2171"]
[BlackElo "1891"]
[PlyCount "55"]
[EventDate "2004.07.03"]
[EventType "swiss"]
[EventRounds "9"]
[EventCountry "BEL"]
[SourceTitle "CBM 101 Extra"]
[Source "ChessBase"]
[SourceDate "2004.09.01"]
[SourceVersion "2"]
[SourceVersionDate "2004.09.01"]
[SourceQuality "1"]

1. d4 g6 2. e4 Bg7 3. Nc3 d6 4. Be3 a6 5. Qd2 b5 6. a4 b4 7. Nd1 a5 8. c3 bxc3 9. bxc3 Nd7 10. Bd3 c5 11. Ne2 Qc7 12. 0-0 c4 13. Bc2 Bb7 14. f3 e5 15. Nf2 Rd8 16. Rab1 Bc8 17. f4 f6 18. Ng3 Nf8 19. Qe2 Nd7 20. Nh3 Bh6 21. Kh1 exd4 22. Bxd4 Ne7 23. Nf5 Bf8 24. Ne3 Ba6 25. Nd5 Nxd5 26. exd5+ Be7 27. Rfe1 Nc5 28. Bxf6 1-0

[Event "Charleroi op 3rd"]
[Site "Charleroi"]
[Date "2004.08.04"]
[Round "6"]
[White "Belva, Frederic"]
[Black "Van Uytven, Eric"]
[Result "1/2-1/2"]
[WhiteElo "2072"]
[BlackElo "2171"]
[PlyCount "67"]
[EventDate "2004.07.03"]
[EventType "swiss"]
[EventRounds "9"]
[EventCountry "BEL"]
[SourceTitle "CBM 101 Extra"]
[Source "ChessBase"]
[SourceDate "2004.09.01"]
[SourceVersion "2"]
[SourceVersionDate "2004.09.01"]
[SourceQuality "1"]

1. Nf3 Nf6 2. b3 g6 3. Bb2 Bg7 4. c4 0-0 5. e3 d6 6. Be2 e5 7. d3 e4 8. dxe4 Nxe4 9. Bxg7 Kxg7 10. Qd4+ Qf6 11. 0-0 Nc6 12. Qxf6+ Kxf6 13. Ne1 Kg7 14. f3 Nf6 15. Nc3 Re8 16. Nc2 a6 17. Rfd1 h5 18. h4 Be6 19. e4 Ne5 20. Ne3 Rad8 21. Ncd5 c5 22. Nb6 Nc6 23. Rd2 Nd4 24. Nc2 Nxc2 25. Rxc2 Nd7 26. Nxd7 Rxd7 27. Rd1 Kf8 28. Kf2 f6 29. Rcd2 Ke7 30. g3 Rh8 31. f4 a5 32. Bf3 b6 33. Ke3 Rdd8 34. Kf2 1/2-1/2

[Event "Charleroi op 3rd"]
[Site "Charleroi"]
[Date "2004.08.03"]
[Round "5"]
[White "Van Uytven, Eric"]
[Black "Russo, Julien"]
[Result "1-0"]
[WhiteElo "2171"]
[BlackElo "1908"]
[PlyCount "99"]
[EventDate "2004.07.03"]
[EventType "swiss"]
[EventRounds "9"]
[EventCountry "BEL"]
[SourceTitle "CBM 101 Extra"]
[Source "ChessBase"]
[SourceDate "2004.09.01"]
[SourceVersion "2"]
[SourceVersionDate "2004.09.01"]
[SourceQuality "1"]

1. d4 d5 2. c4 c6 3. Nf3 Nf6 4. e3 e6 5. Bd3 Nbd7 6. Nbd2 Bd6 7. e4 dxe4 8. Nxe4 Nxe4 9. Bxe4 Nf6 10. Bc2 0-0 11. 0-0 c5 12. Bg5 cxd4 13. Qxd4 Be7 14. Qh4 g6 15. Rad1 Bd7 16. Rxd7 Qxd7 17. Bxf6 Bxf6 18. Qxf6 Rad8 19. h4 Rfe8 20. h5 Qe7 21. Qxe7 Rxe7 22. hxg6 hxg6 23. Rd1 Rxd1+ 24. Bxd1 Rc7 25. b3 Rc5 26. Kf1 Kf8 27. Ke2 Ke7 28. Kd3 f6 29. b4 Rf5 30. Ke3 Rh5 31. g3 g5 32. c5 Rh8 33. Bb3 e5 34. g4 a5 35. a3 axb4 36. axb4 Rh1 37. Nd2 Rh4 38. f3 f5 39. Nc4 fxg4 40. Nxe5 Rh1 41. fxg4 Rb1 42. Bd5 Rxb4 43. Nc4 Kd7 44. Kd4 Rb1 45. Bxb7 Rf1 46. Be4 Rf4 47. Kd5 Kc7 48. Ne5 Rf6 49. Bf5 Kd8 50. Nf3 1-0

[Event "Charleroi op 3rd"]
[Site "Charleroi"]
[Date "2004.08.02"]
[Round "3"]
[White "Van Uytven, Eric"]
[Black "Mattheys, Eddy"]
[Result "1/2-1/2"]
[WhiteElo "2171"]
[BlackElo "1942"]
[PlyCount "123"]
[EventDate "2004.07.03"]
[EventType "swiss"]
[EventRounds "9"]
[EventCountry "BEL"]
[SourceTitle "CBM 101 Extra"]
[Source "ChessBase"]
[SourceDate "2004.09.01"]
[SourceVersion "2"]
[SourceVersionDate "2004.09.01"]
[SourceQuality "1"]

1. d4 Nf6 2. c4 g6 3. Nc3 Bg7 4. e4 d6 5. Nf3 0-0 6. Be2 e5 7. 0-0 Nc6 8. d5 Ne7 9. b4 a5 10. Ba3 b6 11. bxa5 Rxa5 12. Bb4 Ra8 13. a4 Ne8 14. Nb5 f5 15. a5 bxa5 16. Rxa5 Rxa5 17. Bxa5 fxe4 18. Nd2 e3 19. fxe3 Nf5 20. e4 Ne3 21. Rxf8+ Bxf8 22. Qb3 Qg5 23. g3 Bg4 24. Nf3 Bxf3 25. Bxf3 Ng4 26. Bxg4 Qxg4 27. Qd3 Nf6 28. Nc3 Qd7 29. Kg2 Bh6 30. h3 c5 31. Nb5 Ne8 32. Qf3 Qf7 33. Bc7 Qxf3+ 34. Kxf3 Bf8 35. g4 h6 36. Ke2 Kf7 37. Ba5 Nf6 38. Kf3 Ne8 39. Bd2 Kf6 40. Bc3 Kf7 41. Bd2 Kg7 42. Ba5 Be7 43. Bc7 Kf7 44. Bb8 Bf8 45. Nc7 Nxc7 46. Bxc7 Ke7 47. Ba5 Kf7 48. Bd2 Kf6 49. g5+ hxg5 50. Kg4 Bh6 51. Bc1 Kf7 52. Be3 Kf6 53. Bd2 Kf7 54. Bxg5 Bg7 55. Bd8 Bh6 56. Bc7 Ke7 57. Ba5 Bc1 58. h4 Kd7 59. h5 gxh5+ 60. Kxh5 Be3 61. Kg6 Bd4 62. Kf7 1/2-1/2

[Event "BEL-chT 0304"]
[Site "Belgium"]
[Date "2003.12.14"]
[Round "1.6"]
[White "Van Uytven, Eric"]
[Black "Ahn, Martin"]
[Result "0-1"]
[WhiteElo "2169"]
[BlackElo "2266"]
[PlyCount "58"]
[EventDate "2003.10.01"]
[EventType "team"]
[EventRounds "11"]
[EventCountry "BEL"]
[SourceTitle "CBM 097 Extra"]
[Source "ChessBase"]
[SourceDate "2004.01.13"]
[SourceVersion "1"]
[SourceVersionDate "2004.01.13"]
[SourceQuality "1"]
[WhiteTeam "Boitsfort"]
[BlackTeam "Rochade"]
[WhiteTeamCountry "BEL"]
[BlackTeamCountry "BEL"]

1. e4 c5 2. c3 d5 3. exd5 Qxd5 4. d4 Nf6 5. Nf3 Bg4 6. dxc5 Qxc5 7. Na3 a6 8. Be3 Qc7 9. h3 Bh5 10. g4 Bg6 11. g5 Nfd7 12. Qe2 e6 13. Nc4 Nc6 14. Bg2 Rd8 15. Nd4 Nce5 16. Nxe5 Nxe5 17. Rd1 Be7 18. 0-0 Bd3 19. Rxd3 Nxd3 20. Qxd3 e5 21. Qe4 exd4 22. Bxd4 0-0 23. h4 b6 24. b4 Rfe8 25. Qg4 Qc4 26. a3 Bd6 27. Qf5 Bc7 28. Be4 g6 29. Bd3 Qxd4 0-1

[Event "Charleroi op 2nd"]
[Site "Charleroi"]
[Date "2003.08.29"]
[Round "8.6"]
[White "Van Uytven, Eric"]
[Black "Houdart, David"]
[Result "1/2-1/2"]
[WhiteElo "2204"]
[BlackElo "2164"]
[PlyCount "50"]
[EventDate "2003.08.23"]
[EventType "swiss"]
[EventRounds "9"]
[EventCountry "BEL"]
[SourceTitle "EXT 2004"]
[Source "ChessBase"]
[SourceDate "2003.11.25"]
[SourceVersion "1"]
[SourceVersionDate "2003.11.25"]
[SourceQuality "1"]

1. d4 d5 2. c4 c6 3. Nf3 Nf6 4. Nc3 a6 5. c5 Nbd7 6. Bf4 Nh5 7. e3 Nxf4 8. exf4 g6 9. Bd3 Bg7 10. 0-0 0-0 11. Rc1 Re8 12. Na4 Bh6 13. g3 f6 14. Rc2 e5 15. dxe5 fxe5 16. fxe5 Nxe5 17. Nxe5 Rxe5 18. Nb6 Bh3 19. Nxa8 Bxf1 20. Bxf1 Qxa8 21. Re2 Qe8 22. Qe1 Rxe2 23. Qxe2 Kf7 24. Qf3+ Kg7 25. Qe2 Kf7 1/2-1/2

[Event "Charleroi op 2nd"]
[Site "Charleroi"]
[Date "2003.08.23"]
[Round "1.12"]
[White "Charlier, Laurent"]
[Black "Van Uytven, Eric"]
[Result "0-1"]
[WhiteElo "1747"]
[BlackElo "2204"]
[PlyCount "64"]
[EventDate "2003.08.23"]
[EventType "swiss"]
[EventRounds "9"]
[EventCountry "BEL"]
[SourceTitle "EXT 2004"]
[Source "ChessBase"]
[SourceDate "2003.11.25"]
[SourceVersion "1"]
[SourceVersionDate "2003.11.25"]
[SourceQuality "1"]

1. e4 c5 2. c3 Nf6 3. e5 Nd5 4. d4 cxd4 5. Nf3 e6 6. cxd4 d6 7. Nc3 Nxc3 8. bxc3 Qc7 9. Bd2 Nd7 10. Bb5 Be7 11. 0-0 0-0 12. Ng5 dxe5 13. Re1 exd4 14. Qg4 Nf6 15. Qxd4 Rd8 16. Bf4 Qa5 17. Qc4 a6 18. Ba4 b5 19. Qc6 Bd7 20. Qf3 Qxa4 21. Rad1 Be8 22. h4 h6 23. Rxd8 Rxd8 24. Be5 hxg5 25. hxg5 Nh7 26. Qg3 Bxg5 27. f4 Bf6 28. Kh2 Bc6 29. Bxf6 Nxf6 30. Re2 Qd1 31. Re1 Qh5+ 32. Kg1 Rd2 0-1